Lada putih lada hitam
| Main Author: | |
|---|---|
| Format: | Book |
| Published: |
Petaling Jaya :
Longman ,
1993
|
| Series: | Siri cempaka
|
| Subjects: |
MARC
| LEADER | 00000cam a2200000 7i4500 | ||
|---|---|---|---|
| 001 | 0000001590 | ||
| 002 | 000001737 | ||
| 005 | 20000330.0 | ||
| 020 | |a 9837400609 | ||
| 090 | 0 | 0 | |a JF |b JAI |
| 100 | 0 | |a Jais Sahok | |
| 245 | 1 | 0 | |a Lada putih lada hitam |c Jais Sahok |
| 260 | |a Petaling Jaya : |b Longman , |c 1993 | ||
| 300 | |a 52p. : |b ill. ; |c 24cm. | ||
| 490 | 0 | |a Siri cempaka | |
| 650 | 0 | 0 | |a Children's stories, Malay |
| 999 | |a 034228 |b BUKU |c PINJAMAN |e PERPUSTAKAAN KOMUNITI PETALING JAYA | ||